000 00760cas a2200253 4500
001 L159805
008 180116n2018 eng u
035 _a(Sirsi) u159805
041 0 _aeng
110 2 _aKnight Frank
_91530
245 0 0 _aGlobal Residential Cities Index
_h[electronic resource]
260 _c2018
490 0 _aGlobal Residential Cities Index
520 _aTracks mainstream residential prices across 150 cities worldwide.
554 _aQuarterly
650 2 4 _aHOUSE PRICES
650 2 4 _aINSIGHT
650 2 4 _aGLOBAL
650 _aCITIES
651 4 _aInternational
690 _aResidential property
_96266
856 4 8 _uhttps://www.knightfrank.com/research/
_zView the item free of charge at www.knightfrank.com
942 _n0
999 _c84992
_d84992